01366cam a2200385 45000010008000000030004000080050017000120080041000290100017000700200015000870200018001020350012001200400018001320430012001500500018001620820015001801000019001952450088002142500014003022600047003163000032003633360026003953370028004213380027004494400046004765040041005226500038005636500037006017000035006389060045006739420015007189990015007339520116007489520116008643140898OSt20260506082518.0730315s1973 enka b 001 0 eng  a 73004476  a0080170196 a9780080170190 a3140898 aDLCcDLCdDLC ae-uk---00aHT395.G7bC6800a309.25 COW1 aCowling, T. M.10aSub-regional planning studies:ban evaluation,cby T. M. Cowling and G. C. Steeley. a[1st ed.] aOxford,aNew York,bPergamon Pressc[1973] axii, 202 p.billus.c22 cm. atextbtxt2rdacontent aunmediatedbn2rdamedia avolumebnc2rdacarrier 0aUrban and regional planning series,vv. 6 aIncludes bibliographical references. 0aRegional planningzGreat Britain. 0aRegional planningxCase studies.1 aSteeley, G. C.,ejoint author. a7bcbccorignewd1eocipf19gy-gencatlg 2ddccBOOKS c9630d9630 00102ddc4070a1000b1000cGround Floor d2026-05-06l0o309.25 COWpLIB000528r2026-05-06w2026-05-06yBOOKS 00102ddc4070a1000b1000cGround Floor d2026-05-06l0o309.25 COWpLIB003757r2026-05-06w2026-05-06yBOOKS